All Super Mario Odyssey Captures - Statistics

General Stats
  • This quiz has been taken 73 times
  • The average score is 24 of 52
Answer Stats
Capture % Correct
Frog
88%
Goomba
88%
Bullet Bill
81%
Chain Chomp
81%
Cheep Cheep
81%
Paragoomba
76%
T-Rex
74%
Lava Bubble
74%
Bowser
71%
Yoshi
64%
Hammer Bro
62%
Tree
62%
Uproot
62%
Glydon
60%
Gushen
60%
Cactus
57%
Pokio
57%
Big Chain Chomp
55%
Fire Bro
55%
Tropical Wiggler
55%
Parabones
50%
Pole
50%
Sherm
50%
Banzai Bill
48%
Rocket
48%
Letter
45%
Spark Pylon
43%
Boulder
40%
Taxi
38%
Ty-Foo
38%
Chargin' Chuck
36%
Fire Piranha Plant
36%
Meat
36%
Poison Piranha Plant
36%
RC Car
36%
Shiverian Racer
36%
Coin Coffer
33%
Manhole
31%
Snow Cheep Cheep
31%
Volbonan
31%
Knucklotec's Fist
29%
Moe-Eye
29%
Binoculars
26%
Bowser Statue
26%
Broode's Chain Chomp
24%
Lakitu
24%
Picture Match Part (Goomba)
24%
Picture Match Part (Mario)
24%
Zipper
24%
Jizo
17%
Puzzle Part (Lake Kingdom)
14%
Puzzle Part (Metro Kingdom)
14%
No matching quizzes found
Score Distribution
Percent of People with Each Score
Percentile by Number Answered
Your Score History
You have not taken this quiz